000 00603nam a22002057a 4500
003 BD-DhJNU
005 20250122092036.0
008 250122b |||||||| |||| 00| 0 eng d
020 _a8120309502
040 _aBD-DhJNU
_bENG
_cBD-DhJNU
_dBD-DhJNU
082 _223
_a658.4034
100 _aTaha, Hamdy A.
245 _aOperations research :
_ban introduction /
_cHamdy A. Taha
250 _a5th ed.
260 _aNew Delhi :
_bPrentice-Hall of India Private LTD,
_c1996.
300 _axix, 822 p. :
_bill. ;
_c24 cm.
504 _aincludes index
650 _aOperations research
942 _2ddc
_cBK
_n0
999 _c1156
_d1156